Statistics for 45 European Countries, 45 Cities

Click here to take the quiz!

General Stats

  • This quiz has been taken 426 times
  • The average score is 30 of 45

Answer Stats

City Country % Correct
Vatican CityVAVatican City
95%
MonacoMCMonaco
94%
TallinnEEEstonia
92%
AntwerpBEBelgium
91%
VallettaMTMalta
90%
BratislavaSKSlovakia
90%
InnsbruckATAustria
87%
SkopjeMKMacedonia
85%
LimerickIEIreland
85%
OdessaUAUkraine
84%
ToursFRFrance
82%
BergenNONorway
82%
PodgoricaMEMontenegro
81%
Nizhny NovgorodRURussia
81%
HeraklionGRGreece
80%
ZaragozaESSpain
80%
DubvronikHRCroatia
79%
PristinaXKKosovo
79%
UtrechtNLNetherlands
79%
AachenDEGermany
78%
HafnarfjörðurISIceland
78%
ŁódźPLPoland
77%
UppsalaSESweden
74%
TelfordGBUnited Kingdom
72%
AarhusDKDenmark
71%
BrnoCZCzech Republic
69%
ModenaITItaly
68%
FaroPTPortugal
64%
Novi SadRSSerbia
64%
DavosCHSwitzerland
63%
KaunasLTLithuania
59%
Esch-sur-AlzetteLULuxembourg
59%
TampereFIFinland
56%
DaugavpilsLVLatvia
51%
MariborSISlovenia
49%
GyőrHUHungary
45%
BurgasBGBulgaria
44%
IaşiRORomania
42%
SchaanLILiechtenstein
40%
DurrësALAlbania
39%
GomelBYBelarus
38%
BălțiMDMoldova
37%
EncampADAndorra
36%
NeumBABosnia and Herzegovina
27%
DoganaSMSan Marino
25%

Score Distribution

Percentile by Number Answered

Percent of People with Each Score

Your Score History

You have not taken this quiz